House building manual.
Gespeichert in:
| Hauptverfasser: | , , |
|---|---|
| Format: | Buch |
| Sprache: | Englisch |
| Veröffentlicht: |
Dublin, Ireland;
National House Building Guarantee Company Ltd.,
2006.
|
| Ausgabe: | 5th edition. |
| Schlagworte: | |
| Tags: |
Tag hinzufügen
Keine Tags, Fügen Sie den ersten Tag hinzu!
|
MARC
| LEADER | 00000nam a22000007a 4500 | ||
|---|---|---|---|
| 003 | CL-VaPUC | ||
| 005 | 20220824124748.0 | ||
| 008 | 220629b2006 ||||| |||| 00| 0 eng d | ||
| 999 | |c 436508 |d 436506 | ||
| 020 | |a 978-0-9523614-5-9 | ||
| 040 | |c Pontificia Universidad Católica de Valparaíso | ||
| 082 | 0 | 4 | |2 22 |a 690.8 FAR 2006 |
| 100 | 1 | |a Farrell, Eugene |e author |9 871730 | |
| 245 | 1 | 0 | |a House building manual. |
| 250 | |a 5th edition. | ||
| 260 | |a Dublin, Ireland; |b National House Building Guarantee Company Ltd., |c 2006. | ||
| 300 | |a 520 páginas; ilustraciones. | ||
| 500 | |a c.1 Donación Arquitecto Santiago Flores. Memo ARQ 09/2022. 03/06/2022. | ||
| 583 | |c 20220629 |k Catalogador Asistente | ||
| 650 | 1 | |a Construcción de edificios |z Irlanda |9 873988 | |
| 650 | 1 | |a Arquitectura doméstica |x Diseño y construcción |z Irlanda |9 873989 | |
| 700 | |a McFeely, Anthony |e author |9 871731 | ||
| 700 | |a McCarthy, John A. |e author |9 871732 | ||
| 942 | |2 ddc |c BK | ||
| 952 | |0 0 |1 0 |2 ddc |4 0 |6 690_800000000000000_FAR_2006 |7 0 |8 A |9 584185 |a BIBARQ |b BIBARQ |c GEN |d 2022-06-29 |e Donación |i 5652333 |o 690.8 FAR 2006 |p 5652333 |r 2025-01-20 |t 1 |w 2022-06-29 |y BK |k ARQ | ||